Top 15 języków używanych w Polsce - Statystyki

Ogólne statystyki
  • Ten quiz został rozwiązany 70 razy
  • Średni wynik to 10 z 15
Statystyki odpowiedzi
Ludność Rodzaj Język % Poprawnych
216 342 Narodowy Niemiecki
97%
63 271 Narodowy Rosyjski
95%
55 104 Narodowy Ukraiński
95%
737 276 Obcy Angielski
93%
467 145 Regionalny Śląski
93%
89 198 Regionalny Kaszubski
92%
29 480 Obcy Hiszpański
86%
41 895 Obcy Francuski
78%
38 388 Obcy Włoski
71%
17 325 Narodowy Białoruski
63%
10 318 Obcy Szwedzki
42%
7 284 Etniczny Romski
27%
17 633 Obcy Niderlandzki
22%
9 267 Język środowiskowy Polski język migowy
7%
14 157 Obcy Norwerski
3%
Nie znaleziono quizów pasujących do podanych kryteriów
Rozkład punktacji
Procent ludzi z każdym wynikiem
Percentyl według liczby udzielonych odpowiedzi
Twoja historia wyników
Nie rozwiązałeś tego quizu